|
|
|
|
| LEADER |
00000cam a22000004a 4500 |
| 001 |
musev2_73074 |
| 003 |
MdBmJHUP |
| 005 |
20230905051530.0 |
| 006 |
m o d |
| 007 |
cr||||||||nn|n |
| 008 |
190730s2020 flu o 00 0 eng d |
| 010 |
|
|
|z 2019032956
|
| 020 |
|
|
|a 9780813057446
|
| 035 |
|
|
|a (OCoLC)1114273952
|
| 040 |
|
|
|a MdBmJHUP
|c MdBmJHUP
|
| 100 |
1 |
|
|a Calvo, Christopher W.,
|e author.
|
| 245 |
1 |
4 |
|a The Emergence of Capitalism in Early America /
|c Christopher W. Calvo.
|
| 264 |
|
1 |
|a Gainesville, FL :
|b University Press of Florida,
|c [2020]
|
| 264 |
|
3 |
|a Baltimore, Md. :
|b Project MUSE,
|c 2020
|
| 264 |
|
4 |
|c ©[2020]
|
| 300 |
|
|
|a 1 online resource (308 pages).
|
| 336 |
|
|
|a text
|b txt
|2 rdacontent
|
| 337 |
|
|
|a computer
|b c
|2 rdamedia
|
| 338 |
|
|
|a online resource
|b cr
|2 rdacarrier
|
| 505 |
0 |
|
|a Capitalism and Antebellum Economic Thought -- Laissez-faire in the American Tradition -- Progress and Poverty: Malthus and Ricardo in America -- The Crisis of Free Society: The Southern and Northern Reactionaries -- An American Political Economy -- Henry Carey, Nature, and the Destiny of Man -- Liberalism, Republicanism, and Finance -- Conclusion: The Old and the New in American Economics
|
| 520 |
|
|
|a "Contesting the assumption that early American economists were committed to Adam Smith's ideas of free trade and small government, this book provides a comprehensive history of the nation's economic thought from 1790 to 1860, tracing the development of a uniquely American understanding of capitalism"--
|c Provided by publisher.
|
| 588 |
|
|
|a Description based on print version record.
|
| 650 |
|
7 |
|a Social conditions.
|2 fast
|0 (OCoLC)fst01919811
|
| 650 |
|
7 |
|a Economic history.
|2 fast
|0 (OCoLC)fst00901974
|
| 650 |
|
7 |
|a Capitalism.
|2 fast
|0 (OCoLC)fst00846425
|
| 650 |
|
7 |
|a HISTORY
|z United States
|y 19th Century.
|2 bisacsh
|
| 650 |
|
0 |
|a Capitalism
|z United States
|x History.
|
| 651 |
|
7 |
|a United States.
|2 fast
|0 (OCoLC)fst01204155
|
| 651 |
|
6 |
|a États-Unis
|x Conditions sociales
|x Histoire.
|
| 651 |
|
6 |
|a États-Unis
|x Conditions economiques
|x Histoire.
|
| 651 |
|
0 |
|a United States
|x Social conditions
|x History.
|
| 651 |
|
0 |
|a United States
|x Economic conditions
|x History.
|
| 655 |
|
7 |
|a History.
|2 fast
|0 (OCoLC)fst01411628
|
| 655 |
|
7 |
|a Electronic books.
|2 local
|
| 710 |
2 |
|
|a Project Muse.
|e distributor
|
| 830 |
|
0 |
|a Book collections on Project MUSE.
|
| 856 |
4 |
0 |
|z Texto completo
|u https://projectmuse.uam.elogim.com/book/73074/
|
| 945 |
|
|
|a Project MUSE - Custom Collection
|
| 945 |
|
|
|a Project MUSE - 2020 Complete
|
| 945 |
|
|
|a Project MUSE - 2020 History
|